书目信息 |
| 题名: |
中国耕地后备资源
|
|
| 作者: | 温明炬 , 唐程杰 主编 | |
| 分册: | ||
| 出版信息: | 北京 中国大地出版社 2005 |
|
| 页数: | 304页 | |
| 开本: | 29cm | |
| 丛书名: | ||
| 单 册: | ||
| 中图分类: | F323.211 | |
| 科图分类: | ||
| 主题词: | 耕地--土地资源--资源调查--中国 , 耕地 , 土地资源 , 资源调查 | |
| 电子资源: | ||
| ISBN: | 7-80097-749-8 | |
| 000 | 00986nam0 2200289 450 | |
| 001 | 002941658 | |
| 005 | 20070807145533.70 | |
| 010 | @a7-80097-749-8@b精装@dCNY128.00 | |
| 035 | @a002941658 | |
| 100 | @a20050119d2005 em y0chiy0110 ea | |
| 101 | 0 | @achi |
| 102 | @aCN@b110000 | |
| 105 | @ay z 000yy | |
| 106 | @ar | |
| 200 | 1 | @a中国耕地后备资源@Azhong guo geng di hou bei zi yuan@f温明炬,唐程杰主编@Fwen ming ju, tang cheng jie zhu bian |
| 210 | @a北京@c中国大地出版社@d2005 | |
| 215 | @a304页@d29cm | |
| 330 | @a本书分上、下两部分:第一部分为总论,总结了土地资源学的原理、开发的经验和发展;第二部分为分论,分别介绍我国不同区域耕地后备资源的特点、数量、质量、分布以及开发复垦的对策等。 | |
| 606 | 0 | @a耕地@x土地资源@x资源调查@y中国 |
| 606 | 0 | @a耕地 |
| 606 | 0 | @a土地资源 |
| 606 | 0 | @a资源调查 |
| 690 | @aF323.211@v4 | |
| 701 | 0 | @a温明炬@Awen ming ju@4主编 |
| 701 | 0 | @a唐程杰@Atang cheng jie@4主编 |
| 801 | 0 | @aCN@bNLC@c20070807 |
| 905 | @dF323.211@e104@f2 | |
| 中国耕地后备资源/温明炬,唐程杰主编.-北京:中国大地出版社,2005 |
| 304页;29cm |
| ISBN 7-80097-749-8(精装):CNY128.00 |
| 本书分上、下两部分:第一部分为总论,总结了土地资源学的原理、开发的经验和发展;第二部分为分论,分别介绍我国不同区域耕地后备资源的特点、数量、质量、分布以及开发复垦的对策等。 |
| ● |
| 相关链接 |
|
|
|
|
正题名:中国耕地后备资源
索取号:F323.211/104
 
预约/预借
| 序号 | 登录号 | 条形码 | 馆藏地/架位号 | 状态 | 备注 |
| 1 | 0853337 | 208533372 | 第一样本阅览室/ [索取号:F323.211/104] | 在馆 | |
| 2 | 0853338 | 208533381 | 第一借阅区/ [索取号:F323.211/104] | 在馆 |